000 00698nam a2200193 i 4500
001 47165
003 ES-MaACL
005 20230906161520.0
007 t|
008 030404s1952 sp ||||1| cat d
245 0 0 _aConsueta de Sant Jordi
_b: miracle catalá del sigle XIV : amb nou interpretacions iconografiques del Sant /
_c[nota preliminar de Oriol Martorell].
260 _aBarcelona :
_b[s.n.,
_c1952] (
_fImp. J. Jové)
300 _a24 p. :
_bil. ;
_c30 cm.
490 1 _aLes amics del llibre i del grabat ;
_v2
700 1 _aMartorell, Oriol.
_978538
830 0 _aLes amics del llibre i del grabat ;
_v2
_9230015
852 _aES-MaACL
_j1964-F-14
_bR.34198
999 _c47165
_d47165